| 000 | 01259nac a22003737a 4500 | ||
|---|---|---|---|
| 001 | BR7404133 | ||
| 003 | BR-BrBNA | ||
| 005 | 20240105113801.0 | ||
| 008 | 230509b bl.|||m| |||| 00| 0 por d | ||
| 040 |
_aBR-BrBNA _bpor _cBiblioteca Nacional de Agricultura |
||
| 072 | _aE70; S00 | ||
| 090 | _a9000 BR7404133 | ||
| 100 | 1 | _aSilva, C.J. de F. e | |
| 100 | 1 | _aFormiga, M.J.S. | |
| 100 | 1 | _aLins, R.C. | |
| 110 | 1 | _aSuperintendencia do Desenvolvimento do Nordeste, Recife, PE (Brasil). Depto. de Agricultura e Abastecimento; | |
| 110 | 1 |
_aInstituto Joaquim Nabuco de Pesquisas Sociais, Recife, PE (Brasil) _96383 |
|
| 245 | 1 | _aSuprimento de generos alimenticios de Caruaru [Pernambuco; Brasil] | |
| 260 | 3 |
_aRecife, PE (Brasil): _c1973. |
|
| 300 | _a236 p. | ||
| 490 |
_aSerie Estudos e Pesquisas - Instituto Joaquim Nabuco de Pesquisas Sociais (Brazil) _vno. 1 _x |
||
| 500 | _aBibliography p.170-171, 228-231 (62 ref.) | ||
| 650 | _aALIMENTO | ||
| 650 | _aDEMANDA | ||
| 650 | _aABASTECIMENTO | ||
| 650 | _aESTOCAGEM | ||
| 650 | _aCOMERCIO INTERNO | ||
| 650 | _aINDUSTRIA ALIMENTICIA | ||
| 650 | _aPRECO | ||
| 650 | _aCARUARU | ||
| 650 | _aPERNAMBUCO | ||
| 909 |
_a202312 _bLúcia Elande _c55 _dLúcia Elande |
||
| 942 |
_2AGRIS _n0 _cMS |
||
| 999 |
_c265546 _d265546 |
||